000 00677cam a22002172 4500
001 0000002309
005 20151217151848.0
008 070410s xx 000 0 eng d
020 _a9814053201 :
_cKES 1,800
040 _aKABU
_cKABU
050 0 _aHF5548.32
_b.K35 2000
100 1 _aKalakota, Ravi.
_@0000151639
245 1 0 _aeBusiness :
_broadmap for success /
_cRavi Kalakota and Marcia Robinson.
260 _aReading, MA :
_bPearson Educ.,
_c2000.
300 _a xix, 378p.
650 0 _aElectronic commerce.
_@0000148142
700 1 _aRobinson, Marcia.
_@0000151640
908 _a070410
950 _@1
999 _c5778
_d5778